<?xml version="1.0" encoding="UTF-8"?>
<record
    xmlns:xsi="http://www.w3.org/2001/XMLSchema-instance"
    xsi:schemaLocation="http://www.loc.gov/MARC21/slim http://www.loc.gov/standards/marcxml/schema/MARC21slim.xsd"
    xmlns="http://www.loc.gov/MARC21/slim">

  <leader>00529nam a2200157Ia 4500</leader>
  <controlfield tag="008">100122s9999    xx            000 0 und d</controlfield>
  <datafield tag="082" ind1=" " ind2=" ">
    <subfield code="b">38510</subfield>
    <subfield code="a">927.92</subfield>
  </datafield>
  <datafield tag="100" ind1=" " ind2=" ">
    <subfield code="a">&#x936;&#x93E;&#x902;&#x924;&#x93E;&#x930;&#x93E;&#x92E; &#x935;&#x94D;&#x939;&#x940;</subfield>
  </datafield>
  <datafield tag="245" ind1=" " ind2=" ">
    <subfield code="a">&#x936;&#x93E;&#x902;&#x924;&#x93E;&#x930;&#x93E;&#x92E; ( &#x92E;&#x93E;.&#x935;&#x93F;.&#x915;&#x94D;&#x930;.9/2 )</subfield>
  </datafield>
  <datafield tag="250" ind1=" " ind2=" ">
    <subfield code="a">0</subfield>
  </datafield>
  <datafield tag="260" ind1=" " ind2=" ">
    <subfield code="b">&#x915;&#x93F;&#x930;&#x923; &#x92A;&#x94D;&#x930;&#x915;&#x93E;&#x936;&#x928;</subfield>
    <subfield code="c">1905</subfield>
  </datafield>
  <datafield tag="300" ind1=" " ind2=" ">
    <subfield code="a">585</subfield>
  </datafield>
  <datafield tag="630" ind1=" " ind2=" ">
    <subfield code="a">&#x936;&#x93E;&#x902;&#x924;&#x93E;&#x930;&#x93E;&#x92E; ( &#x92E;&#x93E;.&#x935;&#x93F;.&#x915;&#x94D;&#x930;.9/2 )</subfield>
  </datafield>
  <datafield tag="730" ind1=" " ind2=" ">
    <subfield code="a">&#x936;&#x93E;&#x902;&#x924;&#x93E;&#x930;&#x93E;&#x92E; ( &#x92E;&#x93E;.&#x935;&#x93F;.&#x915;&#x94D;&#x930;.9/2 )</subfield>
  </datafield>
  <datafield tag="942" ind1=" " ind2=" ">
    <subfield code="c">BOOK</subfield>
  </datafield>
  <datafield tag="999" ind1=" " ind2=" ">
    <subfield code="c">420653</subfield>
    <subfield code="d">420650</subfield>
  </datafield>
  <datafield tag="952" ind1=" " ind2=" ">
    <subfield code="0">0</subfield>
    <subfield code="1">0</subfield>
    <subfield code="4">0</subfield>
    <subfield code="7">0</subfield>
    <subfield code="a">SVPPARLE</subfield>
    <subfield code="b">SVPPARLE</subfield>
    <subfield code="c">(&#x92E;&#x93E;.&#x935;&#x93F;.9/2)</subfield>
    <subfield code="d">1986-04-23</subfield>
    <subfield code="g">250.00</subfield>
    <subfield code="l">0</subfield>
    <subfield code="o">38510</subfield>
    <subfield code="p">SVPPARLE-38510</subfield>
    <subfield code="r">2010-01-25 00:00:00</subfield>
    <subfield code="v">250.00</subfield>
    <subfield code="w">2010-01-25</subfield>
    <subfield code="y">BOOK</subfield>
    <subfield code="z">(&#x92E;&#x93E;.&#x935;&#x93F;.9/2) NA</subfield>
  </datafield>
</record>
